000 00809nam a2200265 i 4500
001 C2-0270207
003 PPAK
005 20180728000633.0
008 060809s2005 my a|||| ||||| | may d
020 _a9836284524
040 _aPPAK
_beng
_cPPAK
_erda
082 0 4 _a499.2383
_223
090 0 0 _a499.2383
_bAZI
_dK
100 0 _aAziah tajudin,
_eauthor
245 1 0 _aIndahnya bahasa
264 1 _aKuala Lumpur :
_bDewan Bahasa dan Pustaka ,
_c2005
300 _avii, 122 pages :
_bcolour illustrations ;
_c21 cm
336 _2rdacontent
_atext
337 _2rdamedia
_aunmediated
338 _2rdacarrier
_avolume
490 1 _aSiri pengayaan pemahaman bahasa untuk kanak-kanak
650 1 0 _aMalay language - Grammar.
830 0 _aSiri pengayaan pemahaman bahasa untuk kanak-kanak
942 _ddc
_cB
999 _c78760
_d78760